LEADER 01462nam 2200445 450 001 9910151727703321 005 20180530081513.0 010 $a1-62808-208-9 035 $a(CKB)3710000000952289 035 $a(MiAaPQ)EBC4759716 035 $a(EXLCZ)993710000000952289 100 $a20161221h20132013 uy| 0 101 0 $aeng 135 $aurcnu|||||||| 181 $2rdacontent 182 $2rdamedia 183 $2rdacarrier 200 00$aForeign holding companies and hybrid capital instruments $eselect analyses required by the Dodd-Frank Act /$fLuka Perkuljan, editor 210 1$aNew York :$cNova Publishers,$d[2013] 210 4$d©2013 215 $a1 online resource (147 pages) $ccolor illustrations 225 1 $aFinancial institutions and services 311 $a1-62808-207-0 320 $aIncludes bibliographical references and index. 410 0$aFinancial institutions and services. 606 $aConvertible securities 606 $aBank holding companies$zUnited States 606 $aBanks and banking, Foreign$zUnited States 615 0$aConvertible securities. 615 0$aBank holding companies 615 0$aBanks and banking, Foreign 676 $a338.8/60973 702 $aPerkuljan$b Luka 801 0$bMiAaPQ 801 1$bMiAaPQ 801 2$bMiAaPQ 906 $aBOOK 912 $a9910151727703321 996 $aForeign holding companies and hybrid capital instruments$92877874 997 $aUNINA LEADER 01243nam0 22003131i 450 001 UON00223803 005 20231205103427.142 010 $a04-04-02448-3 100 $a20030730d1976 |0itac50 ba 101 $aeng 102 $aGB 105 $a|||| ||||| 200 1 $aˆA ‰treatise on the passions, so far as they regard the stage$f[Samuel Foote] 210 $aNew York$cAMS Press$d1976. 44 p. ; 23 cm. Reprint of the 1747 ed. 606 $aBARRY SPRANGER$3UONC047812$2FI 606 $aGARRICK DAVID$3UONC039700$2FI 606 $aQUIN JAMES$3UONC046783$2FI 606 $aRecitazione$3UONC040730$2FI 606 $aTeatro$xStudi$3UONC038909$2FI 620 $aUS$dNew York$3UONL000050 676 $a792.028$cTeatro. Recitazione ed esecuzione$v21 700 1$aFOOTE$bSamuel$3UONV135703$0677544 712 $aAMS Press$3UONV246591$4650 801 $aIT$bSOL$c20251003$gRICA 899 $aSIBA - SISTEMA BIBLIOTECARIO DI ATENEO$2UONSI 912 $aUON00223803 950 $aSIBA - SISTEMA BIBLIOTECARIO DI ATENEO$dSI Teat 792 C FOO $eSI LO 66568 5 996 $aTreatise on the passions, so far as they regard the stage$91269408 997 $aUNIOR